| 000 | 01259cam a2200361 a 4500 | ||
|---|---|---|---|
| 001 | 000009353 | ||
| 005 | 20240301125121.0 | ||
| 008 | 010130s2000 sp 000 j spa | ||
| 020 | _a8420449652 | ||
| 040 |
_aDO-SdBNP _bspa _cBNPHU |
||
| 082 |
_aH863.44 _bP925t |
||
| 111 |
_aPremio Internacional de Literatura _n(2º. : _d2000: _cMadrid) _924117 |
||
| 245 | 0 | 0 |
_aTerminemos el cuento : _bII Premio Internacional de Literatur / _cCarolina Andrade ... [et al.]. |
| 260 |
_aMadrid : _bGrupo Santillana, _cc2000. |
||
| 300 |
_a156 p. : _bil. ; _c22 cm. |
||
| 490 | 1 |
_aAlfaguara _aroja |
|
| 650 | 4 |
_aCuentos venezolanos _93815 |
|
| 650 | 4 |
_aLiteratura venezolana _93816 |
|
| 700 | 1 |
_aAndrade, Carolina, _d1963- _924118 |
|
| 700 | 1 |
_aAparán, Mario Delgado. _924119 |
|
| 700 | 1 |
_aIllanes, Pablo. _924120 |
|
| 700 | 1 |
_aIparraguirre, Sylvia. _924121 |
|
| 700 | 1 |
_aMesa de Inchauste, Isabel. _924122 |
|
| 700 | 1 |
_aParedes, Julio. _924123 |
|
| 700 | 1 |
_aPérez, Olga Marta. _922707 |
|
| 700 | 1 |
_aPosadas, Carmen. _924124 |
|
| 700 | 1 |
_aQuintero, Ednodio. _924125 |
|
| 700 | 1 |
_aRivera Martínez, Edgardo. _924126 |
|
| 700 | 1 |
_aValdez, Pedro Antonio, _d1968- _922509 |
|
| 830 | 0 |
_aAlfaguara, _proja _917564 |
|
| 910 | _aCatalogación por copia / LC | ||
| 049 | _aBNGR | ||
| 999 |
_c9113 _d9113 |
||